MARC details
| 000 -LEADER |
| fixed length control field |
04619cam a22004698i 4500 |
| 001 - CONTROL NUMBER |
| control field |
18324011 |
| 003 - CONTROL NUMBER IDENTIFIER |
| control field |
ARRUPE |
| 005 - DATE AND TIME OF LATEST TRANSACTION |
| control field |
20150213020005.0 |
| 008 - FIXED-LENGTH DATA ELEMENTS--GENERAL INFORMATION |
| fixed length control field |
141002s2014 nyu 000 0aeng |
| 010 ## - LIBRARY OF CONGRESS CONTROL NUMBER |
| LC control number |
2014034027 |
| 020 ## - INTERNATIONAL STANDARD BOOK NUMBER |
| International Standard Book Number |
9780385347518 (hardback) |
| 040 ## - CATALOGING SOURCE |
| Original cataloging agency |
DLC |
| Language of cataloging |
eng |
| Description conventions |
rda |
| Transcribing agency |
DLC |
| 041 1# - LANGUAGE CODE |
| Language code of text/sound track or separate title |
eng |
| Language code of original and/or intermediate translations of text |
ger |
| 042 ## - AUTHENTICATION CODE |
| Authentication code |
pcc |
| 043 ## - GEOGRAPHIC AREA CODE |
| Geographic area code |
e-gx--- |
| 050 00 - LIBRARY OF CONGRESS CALL NUMBER |
| Classification number |
B3359.V64 |
| Item number |
A3 2014 |
| 082 00 - DEWEY DECIMAL CLASSIFICATION NUMBER |
| Classification number |
193 |
| -- |
B |
| Edition number |
23 |
| 084 ## - OTHER CLASSIFICATION NUMBER |
| Classification number |
BIO006000 |
| -- |
HIS043000 |
| -- |
REL012110 |
| Source of number |
bisacsh |
| 100 1# - MAIN ENTRY--PERSONAL NAME |
| Personal name |
Von Hildebrand, Dietrich, |
| Dates associated with a name |
1889-1977, |
| Relator term |
author. |
| 9 (RLIN) |
14967 |
| 245 10 - TITLE STATEMENT |
| Title |
My battle against Hitler : |
| Remainder of title |
faith, truth, and defiance in the shadow of the Third Reich / |
| Statement of responsibility, etc |
Dietrich von Hildebrand ; edited and translated by John Henry Crosby with John F. Crosby. |
| 260 ## - PUBLICATION, DISTRIBUTION, ETC. (IMPRINT) |
| Place of publication, distribution, etc |
New York |
| Name of publisher, distributor, etc |
Image |
| Date of publication, distribution, etc |
2014 |
| 263 ## - PROJECTED PUBLICATION DATE |
| Projected publication date |
1410 |
| 300 ## - PHYSICAL DESCRIPTION |
| Extent |
pages cm |
| 500 ## - GENERAL NOTE |
| General note |
Unpublished memoir written in German. |
| 505 0# - FORMATTED CONTENTS NOTE |
| Formatted contents note |
Prologue -- PART 1. A LIFEOF DIETRICH VON HILDEBRAND -- The Memoirs : 1921 -- 1923 -- 1932 -- 1933 -- 1934 -- 1935 -- 1936 -- 1937 -- Escape from Vienna -- PART 2. VON HILDEBRAND'S ESSAYS AGAINST THE NAZI IDEOLOGY -- Historic documents -- Report to Hitler citing von Hildebrand's magazine as the most outspoken anti-Nazi publication in Austria -- Secret dispatch to Hitler proposing assassination of von Hildebrand -- Letter of German Chancellor Helmut Kohl -- Memorandum by J. Edgar Hoover. |
| 520 ## - SUMMARY, ETC. |
| Summary, etc |
"How does a person become Hitler's enemy number one? Not through espionage or violence, it turns out, but by striking fearlessly at the intellectual and spiritual roots of National Socialism. Dietrich von Hildebrand was a German Catholic thinker and teacher who devoted the full force of his intellect to breaking the deadly spell of Nazism that ensnared so many of his beloved countrymen. His story might well have been lost to us were it not for this memoir he penned in the last decades of his life at the request of his wife, Alice von Hildebrand. In My Battle Against Hitler, covering the years from 1921 to 1938, von Hildebrand tells of the scorn and ridicule he endured for sounding the alarm when many still viewed Hitler as a positive and inevitable force. He expresses the sorrow of having to leave behind his home, friends, and family in Germany to conduct his fight against the Nazis from Austria. He recounts how he defiantly challenged Nazism in the public square, prompting the German ambassador in Vienna to describe him to Hitler as 'the architect of the intellectual resistance in Austria.' And in the midst of all the danger he faced, he conveys his unwavering trust in God, even during his harrowing escape from Vienna and his desperate flight across Europe, with the Nazis always just one step behind. Dietrich von Hildebrand belongs to the very earliest anti-Nazi resistance. His public statements led the Nazis to blacklist him already in 1921, long before the horrors of the Third Reich and more than twenty-three years before the famous assassination attempt on Hitler in July 1944. His battle would culminate in the countless articles he published in Vienna, a selection of which are featured in this volume. 'It is an immense privilege,' writes editor John Henry Crosby, founder of the Hildebrand Project, 'to present to the world the shining witness of one man who risked everything to follow his conscience and stand in defiance of tyranny.'"-- |
| 520 ## - SUMMARY, ETC. |
| Summary, etc |
"This unpublished memoir from German-Catholic philosopher Dietrich von Hildebrand demonstrates his opposition to anti-Semitism, his prescient understanding of just how deadly Nazism and Hitler would be, and his courage as he perpared to flee Germany"-- |
| 600 10 - SUBJECT ADDED ENTRY--PERSONAL NAME |
| Personal name |
Von Hildebrand, Dietrich, |
| Dates associated with a name |
1889-1977. |
| 9 (RLIN) |
14968 |
| 650 #0 - SUBJECT ADDED ENTRY--TOPICAL TERM |
| Topical term or geographic name as entry element |
Philosophers |
| Geographic subdivision |
Germany |
| Form subdivision |
Biography. |
| 9 (RLIN) |
14969 |
| 650 #0 - SUBJECT ADDED ENTRY--TOPICAL TERM |
| Topical term or geographic name as entry element |
Anti-Nazi movement |
| Geographic subdivision |
Germany |
| General subdivision |
History. |
| 9 (RLIN) |
14970 |
| 650 #0 - SUBJECT ADDED ENTRY--TOPICAL TERM |
| Topical term or geographic name as entry element |
Government, Resistance to |
| Geographic subdivision |
Germany |
| General subdivision |
History |
| Chronological subdivision |
20th century. |
| 9 (RLIN) |
14971 |
| 650 #7 - SUBJECT ADDED ENTRY--TOPICAL TERM |
| Topical term or geographic name as entry element |
BIOGRAPHY & AUTOBIOGRAPHY / Historical. |
| Source of heading or term |
bisacsh |
| 9 (RLIN) |
14972 |
| 650 #7 - SUBJECT ADDED ENTRY--TOPICAL TERM |
| Topical term or geographic name as entry element |
HISTORY / Holocaust. |
| Source of heading or term |
bisacsh |
| 9 (RLIN) |
14973 |
| 650 #7 - SUBJECT ADDED ENTRY--TOPICAL TERM |
| Topical term or geographic name as entry element |
RELIGION / Christian Life / Social Issues. |
| Source of heading or term |
bisacsh |
| 9 (RLIN) |
5654 |
| 651 #0 - SUBJECT ADDED ENTRY--GEOGRAPHIC NAME |
| Geographic name |
Germany |
| General subdivision |
History |
| Chronological subdivision |
1933-1945. |
| 9 (RLIN) |
14974 |
| 700 1# - ADDED ENTRY--PERSONAL NAME |
| Personal name |
Crosby, John Henry, |
| Relator term |
translator. |
| 9 (RLIN) |
14975 |
| 700 1# - ADDED ENTRY--PERSONAL NAME |
| Personal name |
Crosby, John F., |
| Dates associated with a name |
1944- |
| Relator term |
translator. |
| 9 (RLIN) |
14976 |
| 856 42 - ELECTRONIC LOCATION AND ACCESS |
| Materials specified |
Cover image |
| Uniform Resource Identifier |
<a href="9780385347518.jpg">9780385347518.jpg</a> |
| 906 ## - LOCAL DATA ELEMENT F, LDF (RLIN) |
| a |
7 |
| b |
cbc |
| c |
orignew |
| d |
1 |
| e |
ecip |
| f |
20 |
| g |
y-gencatlg |
| 942 ## - ADDED ENTRY ELEMENTS (KOHA) |
| Source of classification or shelving scheme |
Library of Congress Classification |
| Koha item type |
Monograph ( Printed materials) |
| Koha issues (borrowed), all copies |
1 |